effect of different organic fertilizers on bunching onion in prateahlang soil condition at royal university of agriculture ឥទ្ធិពលនៃជីលាមកសត្វលើដំណាំខ្ទឹមស្លឹកនៅក្នុងលក្ខខណ្ឌជីប្រទះឡាននឌសាកលវីទ្យាវ័យភូមិន្ទកសិកម្ម (Record no. 18051)
[ view plain ]
| 000 -LEADER | |
|---|---|
| fixed length control field | 00795nam a22001577a 4500 |
| 003 - CONTROL NUMBER IDENTIFIER | |
| control field | OSt |
| 005 - DATE AND TIME OF LATEST TRANSACTION | |
| control field | 20190724140212.0 |
| 008 - FIXED-LENGTH DATA ELEMENTS--GENERAL INFORMATION | |
| fixed length control field | 190724b xxu||||| |||| 00| 0 eng d |
| 040 ## - CATALOGING SOURCE | |
| Transcribing agency | RUA |
| 082 ## - DEWEY DECIMAL CLASSIFICATION NUMBER | |
| Classification number | AGR CHE 2017 B636 Or.1 |
| 100 ## - MAIN ENTRY--PERSONAL NAME | |
| 9 (RLIN) | 13723 |
| Personal name | CHEOK LENGCHEAN ចឹក ឡេងជៀន |
| 245 ## - TITLE STATEMENT | |
| Title | effect of different organic fertilizers on bunching onion in prateahlang soil condition at royal university of agriculture ឥទ្ធិពលនៃជីលាមកសត្វលើដំណាំខ្ទឹមស្លឹកនៅក្នុងលក្ខខណ្ឌជីប្រទះឡាននឌសាកលវីទ្យាវ័យភូមិន្ទកសិកម្ម |
| 260 ## - PUBLICATION, DISTRIBUTION, ETC. (IMPRINT) | |
| Place of publication, distribution, etc. | RUA |
| Name of publisher, distributor, etc. | Phnom Penh |
| Date of publication, distribution, etc. | 20!7 |
| 300 ## - PHYSICAL DESCRIPTION | |
| Extent | xiii;57p |
| Other physical details | ill; |
| Dimensions | 29cm |
| 942 ## - ADDED ENTRY ELEMENTS (KOHA) | |
| Source of classification or shelving scheme | |
| Koha item type | AGR |
| Price effective from | Date last seen | Permanent Location | Not for loan | Date acquired | Source of classification or shelving scheme | Koha item type | Lost status | Withdrawn status | Total Renewals | Date last checked out | Total Checkouts | Shelving location | Damaged status | Barcode | Current Location | Full call number |
|---|---|---|---|---|---|---|---|---|---|---|---|---|---|---|---|---|
| 2019-07-24 | 2019-07-24 | Library Block B | 2019-07-24 | AGR | B636 | A45094 | Library Block B | AGR CHE 2017 B636 Or.1 | ||||||||
| 2019-07-24 | 2019-12-23 | Library Block B | 2019-07-24 | AGR | 2019-11-29 | 2 | B636 | A45169 | Library Block B | AGR CHE 2017 B636 Or.2 | ||||||
| 2019-07-24 | 2020-11-17 | Library Block B | 2019-07-24 | AGR | 2020-11-03 | 4 | B636 | A45008 | Library Block B | AGR CHE 2017 B636 Or.3 | ||||||
| 2019-07-24 | 2019-07-24 | Library Block B | 2019-07-24 | AGR | B636 | A44813 | Library Block B | AGR CHE 2017 B636 Or.4 | ||||||||
| 2019-07-24 | 2019-07-24 | Library Block B | 2019-07-24 | AGR | B636 | A44888 | Library Block B | AGR CHE 2017 B636 Or.5 | ||||||||
| 2019-07-24 | 2024-07-04 | Library Block B | 2019-07-24 | AGR | 1 | 2024-06-06 | 1 | B636 | A45016 | Library Block B | AGR CHE 2017 B636 Or.6 |